000 00304nam a22001337a 4500
008 170522b xxu||||| |||| 00| 0 eng d
020 _a9780252066634
041 _aeng
080 _a94
100 _a16
101 _aSHH
245 _aIMAGINING THE TWENTIETH CENTRY
_cSTEWART.CHC
942 _2udc
_cBK
999 _c13692
_d13692